<?xml version="1.0" encoding="UTF-8"?><?xml-stylesheet type="text/xsl" href="static/style.xsl"?><OAI-PMH xmlns="http://www.openarchives.org/OAI/2.0/" xmlns:xsi="http://www.w3.org/2001/XMLSchema-instance" xsi:schemaLocation="http://www.openarchives.org/OAI/2.0/ http://www.openarchives.org/OAI/2.0/OAI-PMH.xsd"><responseDate>2026-04-17T15:11:36Z</responseDate><request verb="GetRecord" identifier="oai:www.recercat.cat:10256/24850" metadataPrefix="marc">https://recercat.cat/oai/request</request><GetRecord><record><header><identifier>oai:recercat.cat:10256/24850</identifier><datestamp>2026-01-10T19:00:35Z</datestamp><setSpec>com_2072_452955</setSpec><setSpec>com_2072_2054</setSpec><setSpec>col_2072_453065</setSpec></header><metadata><record xmlns="http://www.loc.gov/MARC21/slim" xmlns:dcterms="http://purl.org/dc/terms/" xmlns:xsi="http://www.w3.org/2001/XMLSchema-instance" xmlns:doc="http://www.lyncode.com/xoai" xsi:schemaLocation="http://www.loc.gov/MARC21/slim http://www.loc.gov/standards/marcxml/schema/MARC21slim.xsd">
   <leader>00925njm 22002777a 4500</leader>
   <datafield ind2=" " ind1=" " tag="042">
      <subfield code="a">dc</subfield>
   </datafield>
   <datafield ind2=" " ind1=" " tag="720">
      <subfield code="a">Gómez Franco, Irene</subfield>
      <subfield code="e">author</subfield>
   </datafield>
   <datafield ind2=" " ind1=" " tag="260">
      <subfield code="c">2024-01-17</subfield>
   </datafield>
   <datafield ind2=" " ind1=" " tag="520">
      <subfield code="a">A recent trend in bioethics has highlighted the decisive role that solidarity plays in global health. However, given the impact and extent of the effects of climate change, which reach beyond present generations, it is important to consider whether this concept can be applied intergenerationally. Does it make sense to talk about solidarity with future generations? The objective of this article is to explore ‘amplified solidarity’, a new concept of solidarity that explains our obligations towards the health and quality of life of future generations. The analysis of this concept is structured as follows: I first establish the moral relevance of future people and then investigate the traits of amplified solidarity, its challenges, and its relationship with other key principles. I propose that amplified solidarity needs both a critical imagination to be projected towards the future and an institutional framework to correct health injustices across an intergenerational timescale. Solidarity forms a potent triangular constellation with responsibility and justice to fight against global and intergenerational injustices</subfield>
   </datafield>
   <datafield ind2=" " ind1=" " tag="520">
      <subfield code="a">This research was supported by the project “La solidaridad en bioética (SOLBIO)” with reference PID2019-105422GB-100, funded by the Spanish Ministry of Science and Innovation (MICINN)</subfield>
   </datafield>
   <datafield tag="653" ind2=" " ind1=" ">
      <subfield code="a">Solidaritat</subfield>
   </datafield>
   <datafield tag="653" ind2=" " ind1=" ">
      <subfield code="a">Solidarity</subfield>
   </datafield>
   <datafield tag="653" ind2=" " ind1=" ">
      <subfield code="a">Bioètica</subfield>
   </datafield>
   <datafield tag="653" ind2=" " ind1=" ">
      <subfield code="a">Bioethics</subfield>
   </datafield>
   <datafield ind2="0" ind1="0" tag="245">
      <subfield code="a">Amplified Solidarity with Future Generations</subfield>
   </datafield>
</record></metadata></record></GetRecord></OAI-PMH>